000 00720nam a2200229Ia 4500
003 GCL
008 140319s9999 xx 000 0 ara d
040 _aGCL /
_cGCL
082 0 4 _a372.86
_bع ت
100 1 _aعفاف عبدالكريم
245 1 0 _aالتدريس للتعلم فى التربية البدنية والرياضة /
_cعفاف عبدالكريم
260 _a[S.N] :
_bمنشاة المعارف الاسلامية ،
_c1994
300 _a517 ص
490 _a
650 0 4 _aطرق التدريس
650 0 4 _aالتعليم
650 0 4 _aالالعاب الرياضية
650 0 4 _aالرياضة
650 0 4 _aالتربية البدنية
650 0 4 _aمناهج
942 _2ddc
_cBK
999 _c32614
_d32614